Afghanistan Hauptstädte der Provinzen - Statistiken

Allgemein
  • Dieses Quiz wurde 7 mal gespielt
  • Das Durchschnittsergebnis liegt bei 6 aus 34
Antwortstatistiken
Provinz Hauptstadt % Korrekt
Kabul Kabul
86%
Kandahar Kandahar
71%
Herat Herat
57%
Bamiyan Bamiyan
29%
Kunar Asadabad
14%
Samangan Aybak
14%
Pandschschir Bazarak
14%
Nangarhar Dschalalabad
14%
Badachschan Faizabad
14%
Farah Farah
14%
Paktia Gardez
14%
Ghazni Ghazni
14%
Ghost Ghost
14%
Kundus Kundus
14%
Kapisa Mahmud-e Raqi
14%
Wardak Maidan Schahr
14%
Faryab Maimana
14%
Balch Masar-e Scharif
14%
Daikondi Nili
14%
Nuristan Parun
14%
Baglan Pol-e Chomri
14%
Lugar Pul-i-Alam
14%
Badghis Qala-i-Naw
14%
Zabul Qalāt-i Ghildschī
14%
Nimrus Sarandsch
14%
Sar-i Pul Sar-i Pul
14%
Paktika Scharan
14%
Dschuzdschan Scheberghan
14%
Tachar Taloqan
14%
Ursugan Tarin Kut
14%
Ghor Tschaghtscharan
14%
Parwan Tscharikar
14%
Helmand Laschkar Gah
0%
Laghman Mahtarlam
0%
Keine übereinstimmenden Quizze gefunden
Verteilung der Resultate
Anzahl Personen mit jedem Resultat
Perzentil nach korrekt beantworteten Fragen
Ihre Resultats-Entwicklung
Sie haben dieses Quiz noch nicht gespielt